000 00726nam a2200229Ii 4500
003 JO-AjNU
008 230605s9999||||xx |||||||||||||| ||und||
017 _a1992/8905
020 _a977-200-042-3
040 _aJO-AjNU
_bara
_erda
_cJO-AjNU
041 _aara
050 1 4 _aGV464.K37 1992
100 3 _aكاشف، عزت محمود,
_eauthor
_98557
245 0 0 _aسر شباب المرأة
264 3 1 _aالقاهرة: مكتبة النهضة المصرية، 1992
300 _a190ص
_bصور توضبحية
336 _atext
_btxt
_2rdacontent
337 _aunmediated
_bn
_2rdamedia
338 _avolume
_bnc
_2rdacarrier
490 0 _aسلسلة الرياضة للجميع
650 4 _aالمرأة - جمال
_98558
999 _aA849
_c4417
_d4417